[Event "TUR Cup"]
[Site "Antalya"]
[Date "2020.01.27"]
[Round "3"]
[White "Durmus, Kenan"]
[Black "Unal, Furkan"]
[Result "1-0"]
[WhiteElo "1611"]
[BlackElo "1369"]
[PlyCount "119"]
[EventDate "2020.01.26"]
[EventType "swiss"]
[EventRounds "11"]
[EventCountry "TUR"]
[SourceTitle "CBM 194 Extra"]
[Source "ChessBase"]
[SourceDate "2020.03.31"]
[SourceVersion "1"]
[SourceVersionDate "2020.03.31"]
[SourceQuality "1"]

1. e4 c5 2. Nf3 e6 3. d4 cxd4 4. Nxd4 Bc5 5. Nc3 a6 6. Be3 Ne7 7. Nxe6 fxe6 8. Bxc5 0-0 9. Bd3 d6 10. Bd4 e5 11. Be3 Be6 12. Qd2 Nbc6 13. a3 b5 14. Be2 Qc7 15. Nd5 Bxd5 16. exd5 Na5 17. 0-0 Nc4 18. Bxc4 Qxc4 19. Rfd1 Rac8 20. c3 Nf5 21. Qd3 Qg4 22. f3 Qc4 23. Qxc4 bxc4 24. Bf2 Rb8 25. Rd2 Rb3 26. Re1 g5 27. Re4 Kf7 28. Rxc4 Rfb8 29. Rb4 R3xb4 30. axb4 Rb5 31. g4 Ne7 32. c4 Rxb4 33. c5 Rc4 34. cxd6 Ng8 35. Re2 Ke8 36. Rxe5+ Kd7 37. Rxg5 Nf6 38. Rf5 Ne8 39. Rf7+ Kxd6 40. Bg3+ Kxd5 41. Rd7+ Ke6 42. Rxh7 Rc1+ 43. Kg2 Rc2+ 44. Kh3 Rxb2 45. Rh6+ Kf7 46. Rxa6 Rb3 47. Kg2 Rb2+ 48. Bf2 Nf6 49. Kg3 Rb3 50. Ra4 Nd5 51. h4 Nc3 52. Ra7+ Kg8 53. Re7 Nd5 54. Re5 Nf6 55. Bd4 Nd7 56. Re7 Rb7 57. h5 Kf8 58. Rh7 Kg8 59. Rg7+ Kf8 60. h6 1-0